|
|
|
|
| LEADER |
00000nam0a2200000 4500 |
| 001 |
128859 |
| 005 |
20240801163019.0 |
| 010 |
|
|
|a 5010020955
|
| 035 |
|
|
|a (RuTPU)RU\TPU\book\139452
|
| 090 |
|
|
|a 128859
|
| 100 |
|
|
|a 20080115d1990 m y0rusy5003 ca
|
| 101 |
1 |
|
|a rus
|c eng
|
| 102 |
|
|
|a RU
|
| 105 |
|
|
|a y z 000ay
|
| 200 |
1 |
|
|a Семь дней в мае
|e роман
|f Ф. Нибел, Ч. Бейли
|g пер. с англ. П. Видуэцкий ; А. Горский ; авт. послесл. А. А. Файнгар ; худож. В. И. Терещенко
|
| 210 |
|
|
|a Москва
|c Прогресс
|d 1990
|
| 215 |
|
|
|a 335,[1] с.
|d 20 см
|
| 225 |
1 |
|
|a Политический роман
|
| 333 |
|
|
|a Исключено из фонда НТБ ТПУ
|
| 675 |
|
|
|a 82
|v 3
|
| 700 |
|
1 |
|a Нибел
|b Ф.
|f Флетчер
|4 070
|
| 701 |
|
1 |
|a Бейли
|b Ч.
|g Чарлз
|4 070
|
| 702 |
|
1 |
|a Видуэцкий
|b П.
|4 730
|
| 702 |
|
1 |
|a Горский
|b А.
|4 730
|
| 702 |
|
1 |
|a Файнгар
|b А. А.
|4 075
|
| 702 |
|
1 |
|a Терещенко
|b В. И.
|4 440
|
| 801 |
|
0 |
|a RU
|b RuMRKP
|c 19950417
|g psbo
|
| 801 |
|
1 |
|a RU
|b 63413507
|c 20080115
|g PSBO
|
| 801 |
|
2 |
|a RU
|b 63413507
|c 20220530
|g PSBO
|
| 942 |
|
|
|c BK
|